000 01107nam a2200289Ia 4500
001 ebr10256736
003 CaPaEBR
006 m u
007 cr cn|||||||||
008 090223s2008 caua s 000 0 eng d
020 _z9781889057491
040 _aCaPaEBR
_cCaPaEBR
035 _a(OCoLC)646770531
050 1 4 _aQA43
_b.K653 2008eb
100 1 _aKolby, Jeff.
245 1 0 _aNova's GRE math bible
_h[electronic resource] /
_cJeff Kolby, Derrick Vaughn.
246 3 0 _aGRE math bible
260 _aLos Angeles, CA :
_bNova Press,
_cc2008.
300 _aiii, 524 p. :
_bill.
533 _aElectronic reproduction.
_bPalo Alto, Calif. :
_cebrary,
_d2009.
_nAvailable via World Wide Web.
_nAccess may be limited to ebrary affiliated libraries.
650 0 _aMathematics
_vExaminations, questions, etc.
650 0 _aGraduate Record Examination
_vStudy guides.
655 7 _aElectronic books.
_2local
700 1 _aVaughn, Derrick.
710 2 _aebrary, Inc.
856 4 0 _uhttp://site.ebrary.com/lib/rucke/Doc?id=10256736
_zAn electronic book accessible through the World Wide Web; click to view
999 _c13369
_d13369